wszystkie miasta kończące się na -zdrój - Statystyki

Ogólne statystyki
  • Ten quiz został rozwiązany 52 razy
  • Średni wynik to 10 z 15
Statystyki odpowiedzi
województwo miasto % Poprawnych
świętokrzyskie Busko-Zdrój
80%
śląskie Jastrzębie-Zdrój
78%
małopolskie Krynica-Zdrój
78%
dolnośląskie Kudowa-Zdrój
74%
dolnośląskie Lądek-Zdrój
72%
podkarpackie Iwonicz-Zdrój
67%
dolnośląskie Polanica-Zdrój
67%
dolnośląskie Świeradów-Zdrój
63%
małopolskie Rabka-Zdrój
61%
zachodniopomorskie Połczyn-Zdrój
59%
dolnośląskie Duszniki-Zdrój
57%
dolnośląskie Szczawno-Zdrój
57%
małopolskie Piwniczna-Zdrój
48%
dolnośląskie Jedlina-Zdrój
46%
zachodniopomorskie Trzcińsko-Zdrój
43%
Nie znaleziono quizów pasujących do podanych kryteriów
Rozkład punktacji
Procent ludzi z każdym wynikiem
Percentyl według liczby udzielonych odpowiedzi
Twoja historia wyników
Nie rozwiązałeś tego quizu